000 00945nam a2200289 4500
001 120424
003 ES-MaACL
005 20250828090941.0
007 t|
008 070214s1975 sp r ||||1| spa d
020 _a84-7020-153-0
080 _a37.01(04)
100 1 _aPistrak, Moisei Mikhailovich.
_992387
245 1 0 _aProblemas fundamentales de la escuela del trabajo /
_cPistrak ; [tradujeron Loly Morán y Juan Antonio P. Millán].
260 _aMadrid :
_bSociedad de Educación Atenas,
_c1975.
300 _a207 p. ;
_c18 cm.
490 1 _aConocer al hombre
650 7 _aPedagogía
_2embne
_915904
650 4 _aEscuela única.
_912410
650 4 _aEnseñanza-
_zURSS.
_9166188
700 1 _aMorán, Loly.
_983107
700 1 _aMillán, Juan Antonio P.
_981132
710 2 _aSociedad de Educación Atenas
_96665
830 1 0 _aConocer al hombre
_9183322
852 _aES-MaACL
_jE-7404
999 _c120424
_d120424